| 000 | 00794nam a2200217 a 4500 | ||
|---|---|---|---|
| 001 | |||
| 003 | DO-SdBNP | ||
| 005 | 20211019094228.0 | ||
| 008 | 100913s1969 dr 000 0 spa d | ||
| 040 |
_aDO-SdBNP _bspa _cBPMSU |
||
| 082 |
_a301.97293 _bG463a 1969 _222 |
||
| 100 | 1 | _aGil Díaz, Oscar | |
| 245 | 1 | 0 |
_aApuntes para la historia : _bla naturaleza histórica de la sociedad dominicana : contribución al estudio de la realidad dominicana en sus aspectos históricos, ecomómico y social / _cOscar Gil Díaz. |
| 260 |
_aSanto Domingo : _bArte y Cine, _c1969. |
||
| 300 |
_a254 p. ; _c22 cm. |
||
| 590 | _aInventariado, 2021/VM | ||
| 650 | 4 |
_aSociología histórica _zRepública Dominicana |
|
| 650 | 4 |
_aHistoria económica _zRepública Dominicana |
|
| 910 | _a VMateo V. | ||
| 942 |
_2ddc _cBK |
||
| 999 |
_c13803 _d13803 |
||